Espresso Macchiato - Letra - Estadísticas

Estadísticas generales
  • Esta prueba ha sido intentada 34 veces
  • La puntuación promedio es 137 de 215
Estadísticas de respuestas
Canción % Correcto
a
100%
amore
100%
e
100%
Mi
100%
mi
100%
Espresso
96%
espresso
96%
macchiato
96%
favore
93%
Por
93%
por
93%
to
68%
I
61%
be
57%
No
57%
no
57%
tobacco
57%
Tomaso
57%
I'm
54%
importante
50%
like
50%
very
50%
Addicted
46%
days
46%
give
46%
la
46%
lemons
46%
ristorante
46%
are
43%
bella
43%
Ciao
43%
corneo
43%
dancing
43%
Life
43%
with
43%
With
43%
you
43%
busy
39%
depresso
39%
My
39%
stresso
39%
the
39%
When
39%
24
36%
it
36%
need
36%
And
32%
coffee
32%
demons
32%
is
32%
little
32%
may
32%
fly
29%
grandioso
29%
just
29%
mafioso
29%
make
29%
own
29%
scusi
29%
spaghetti
29%
talk
29%
this
29%
time
29%
Ah
25%
ah
25%
carati
25%
gonna
25%
It's
25%
money
25%
privati
25%
casa
18%
hard
18%
numeroso
18%
sweating
18%
That's
18%
until
18%
why
18%
work
18%
Also
14%
around
14%
clocko
14%
No se encontraron pruebas coincidentes
Distribución de puntuación
Porcentaje de gente con cada puntuación
Porcentaje por número respondido
Historial de tus puntuaciones
No has intentado esta prueba.